[Event "DEM U18 2000"]
[Site "Überlingen GER"]
[Date "2000.06.07"]
[Round "6"]
[White "Meyer, Malte"]
[Black "Seel, Christian"]
[Result "1/2-1/2"]
[Termination "normal"]
[Board "2"]
[WhiteElo "2180"]
[BlackElo "2176"]
[PlyCount "101"]
[WhiteFideId "4664493"]
[BlackFideId "4663098"]
[EventCountry "GER"]
[EventRounds "9"]
[EventType "swiss"]
[EventDate "2000.06.03"]

1. d4 Nf6 2. c4 g6 3. Nc3 d5 4. cxd5 Nxd5 5. e4 Nxc3 6. bxc3 Bg7 7. Bc4 c5 8.
Ne2 Nc6 9. Be3 cxd4 10. cxd4 Qa5+ 11. Qd2 Qxd2+ 12. Kxd2 O-O 13. Rab1 e6 14.
Rhd1 b6 15. Ke1 Bb7 16. f3 Rac8 17. Rbc1 a6 18. d5 Na5 19. Bd3 exd5 20. exd5
Rxc1 21. Nxc1 Bc3+ 22. Kf2 Bxd5 23. Bxa6 Bc4 24. Bxc4 Nxc4 25. Bh6 Bg7 26. Bxg7
Kxg7 27. Rd3 b5 28. Rb3 Nd6 29. Ne2 Rc8 30. Nd4 Rc5 31. Rb4 Kf6 32. a4 bxa4 33.
Rxa4 Ke5 34. Ne2 Rc2 35. Ra5+ Ke6 36. Kf1 Rd2 37. Nf4+ Kf6 38. Rd5 Rxd5 39.
Nxd5+ Ke6 40. Ne3 Nf5 41. Nxf5 Kxf5 42. Kf2 g5 43. Kg3 h5 44. h4 f6 45. hxg5
fxg5 46. Kf2 h4 47. g3 hxg3+ 48. Kxg3 Kf6 49. Kg4 Kg6 50. f4 gxf4 51. Kxf4
1/2-1/2

[Event "DEM U18 2000"]
[Site "Überlingen GER"]
[Date "2000.06.07"]
[Round "6"]
[White "Grafl, Florian"]
[Black "Gehmlich, Marcel"]
[Result "1-0"]
[Termination "normal"]
[Board "3"]
[WhiteElo "2257"]
[BlackElo "2065"]
[PlyCount "91"]
[WhiteFideId "4645715"]
[BlackFideId "4656474"]
[EventCountry "GER"]
[EventRounds "9"]
[EventType "swiss"]
[EventDate "2000.06.03"]

1. e4 c5 2. Nf3 e6 3. d4 cxd4 4. Nxd4 Nf6 5. Nc3 Bb4 6. e5 Nd5 7. Bd2 Be7 8.
Nxd5 exd5 9. Qg4 O-O 10. Bh6 g6 11. Bxf8 Bxf8 12. Qf3 Qb6 13. O-O-O Nc6 14.
Qxd5 Nxd4 15. Qxd4 Bc5 16. Qd5 d6 17. Qb3 dxe5 18. Qxb6 Bxb6 19. Bc4 Bf5 20. f3
Rc8 21. Bb3 h5 22. Rhe1 Bc7 23. Rf1 Rf8 24. Ba4 e4 25. fxe4 Bxe4 26. g3 f5 27.
Bb3+ Kh8 28. Bd5 Bxd5 29. Rxd5 Rf7 30. c4 f4 31. Kc2 Kg7 32. gxf4 Bxf4 33. h3
g5 34. h4 gxh4 35. Rxh5 Bg3 36. Rxf7+ Kxf7 37. Kd3 Kg6 38. Rh8 Kg7 39. Re8 Kf6
40. Ke4 h3 41. Kf3 h2 42. Kg2 Be5 43. b4 Bc3 44. b5 Be5 45. c5 a6 46. c6 1-0

[Event "DEM U18 2000"]
[Site "Überlingen GER"]
[Date "2000.06.07"]
[Round "6"]
[White "Motl, Martin"]
[Black "Huber, Philipp"]
[Result "0-1"]
[Termination "normal"]
[Board "4"]
[WhiteElo "2172"]
[BlackElo "2252"]
[PlyCount "110"]
[WhiteFideId "4667522"]
[BlackFideId "4643887"]
[EventCountry "GER"]
[EventRounds "9"]
[EventType "swiss"]
[EventDate "2000.06.03"]

1. d4 Nf6 2. Nf3 d6 3. c4 Nbd7 4. Nc3 c6 5. e4 e5 6. Be2 Be7 7. O-O O-O 8. Re1
a6 9. Rb1 b6 10. b4 Re8 11. Bf1 Bf8 12. Qb3 h6 13. Bb2 Qc7 14. Rbc1 exd4 15.
Nxd4 c5 16. Nc2 Bb7 17. f3 Nh5 18. a3 d5 19. cxd5 Bd6 20. h3 Bh2+ 21. Kh1 Ng3+
22. Kxh2 Nxf1+ 23. Kg1 Nd2 24. Qa2 Nxf3+ 25. Kf2 Nxe1 26. Nxe1 c4 27. Nf3 b5
28. Ba1 Nf6 29. Re1 Rad8 30. Kg1 Qf4 31. Qf2 Nxe4 32. Qd4 Nxc3 33. Qxf4 Rxe1+
34. Kh2 Rxa1 35. Qc7 Rxd5 36. Qb8+ Kh7 37. Qxb7 Rf5 38. Qxa6 Ra2 39. Nh4 Rf4
40. Qa7 Raf2 41. Qe3 Nd5 42. Qe5 Nf6 43. Qxb5 Rxh4 44. Qc5 Rhf4 45. b5 Rb2 46.
b6 Rff2 47. b7 Rxg2+ 48. Kh1 Rg5 49. Qxc4 Rxb7 50. a4 Rd7 51. Qc2+ g6 52. Qc6
Kg7 53. Qa8 Rdd5 54. Qc8 Ra5 55. Qc2 Rh5 0-1

[Event "DEM U18 2000"]
[Site "Überlingen GER"]
[Date "2000.06.07"]
[Round "6"]
[White "Oberhofer, André"]
[Black "Send, Sebastian"]
[Result "0-1"]
[Termination "normal"]
[Board "5"]
[WhiteElo "1991"]
[BlackElo "2175"]
[PlyCount "64"]
[WhiteFideId "24654140"]
[BlackFideId "4667301"]
[EventCountry "GER"]
[EventRounds "9"]
[EventType "swiss"]
[EventDate "2000.06.03"]

1. e4 c6 2. d4 d5 3. Nc3 dxe4 4. Nxe4 Bf5 5. Ng3 Bg6 6. f4 e6 7. f5 Bxf5 8.
Nxf5 Qa5+ 9. Bd2 Qxf5 10. Bd3 Qd5 11. Nf3 Nf6 12. O-O Bd6 13. Bg5 Qa5 14. c4
Nbd7 15. c5 Be7 16. b4 Qxb4 17. Rb1 Qa3 18. Rxb7 Rd8 19. Rb3 Qxa2 20. Ne5 Qa4
21. Nxc6 Qxc6 22. Bb5 Qd5 23. Bxf6 Bxf6 24. c6 Nb6 25. c7+ Rd7 26. Rxf6 gxf6
27. Qc1 Ke7 28. Bxd7 Kxd7 29. Ra3 Qc4 30. Qa1 Rc8 31. Rc3 Qxd4+ 32. Kh1 Nd5 0-1

[Event "DEM U18 2000"]
[Site "Überlingen GER"]
[Date "2000.06.07"]
[Round "6"]
[White "Schütze, Tonio"]
[Black "Pähtz, Thomas jr."]
[Result "0-1"]
[Termination "normal"]
[Board "6"]
[WhiteElo "1982"]
[BlackElo "2216"]
[PlyCount "57"]
[BlackFideId "4636562"]
[EventCountry "GER"]
[EventRounds "9"]
[EventType "swiss"]
[EventDate "2000.06.03"]

1. e4 e6 2. d4 d5 3. exd5 exd5 4. Nf3 c5 5. Be3 cxd4 6. Nxd4 Nf6 7. Be2 Nc6 8.
O-O Bd6 9. Nc3 Ne5 10. Bg5 Be7 11. Bb5+ Bd7 12. Nf5 Bxb5 13. Nxb5 O-O 14. Re1
Nc6 15. Nxe7+ Nxe7 16. Bxf6 gxf6 17. Qh5 Re8 18. Nd4 Ng6 19. Nf5 Qd7 20. Nh6+
Kg7 21. Ng4 Qc6 22. Ne3 Re5 23. Nf5+ Kh8 24. Rxe5 fxe5 25. c3 Qf6 26. Ne3 Nf4
27. Qf3 e4 28. Qd1 Rg8 29. Qd4 0-1

[Event "DEM U18 2000"]
[Site "Überlingen GER"]
[Date "2000.06.07"]
[Round "6"]
[White "Liebold, Thomas"]
[Black "Neyman, Igor"]
[Result "1/2-1/2"]
[Termination "normal"]
[Board "7"]
[WhiteElo "2157"]
[BlackElo "2192"]
[PlyCount "60"]
[WhiteFideId "4652290"]
[EventCountry "GER"]
[EventRounds "9"]
[EventType "swiss"]
[EventDate "2000.06.03"]

1. d4 d5 2. Nc3 Nf6 3. Bf4 e6 4. Nf3 Be7 5. e3 b6 6. Bd3 Bb7 7. Nb5 Na6 8. c4
c6 9. Nc3 O-O 10. O-O Nb4 11. Be2 dxc4 12. Bxc4 Nbd5 13. Bg5 c5 14. Rc1 cxd4
15. Bxd5 Nxd5 16. Bxe7 Nxe7 17. Nxd4 Nd5 18. Qg4 Rc8 19. Nde2 Nxc3 20. Nxc3 Qd2
21. Qb4 Qd7 22. Rfd1 Qc6 23. f3 a5 24. Qe7 Rfe8 25. Qd6 Qxd6 26. Rxd6 Rc6 27.
Rcd1 Kf8 28. Rd7 Re7 29. Rd8+ Re8 30. R8d7 Re7 1/2-1/2

[Event "DEM U18 2000"]
[Site "Überlingen GER"]
[Date "2000.06.07"]
[Round "6"]
[White "Philipowski, Robert"]
[Black "Bravo Lutz, Sebastian"]
[Result "1-0"]
[Termination "normal"]
[Board "8"]
[WhiteElo "2272"]
[BlackElo "2038"]
[PlyCount "145"]
[WhiteFideId "4663209"]
[EventCountry "GER"]
[EventRounds "9"]
[EventType "swiss"]
[EventDate "2000.06.03"]

1. e4 d6 2. d4 g6 3. c4 Bg7 4. Nc3 Nd7 5. Nf3 e6 6. Be2 Ne7 7. h4 h6 8. Be3 b6
9. Qd2 Bb7 10. g4 a6 11. d5 e5 12. h5 Nf6 13. hxg6 Nxg6 14. g5 hxg5 15. Rxh8+
Bxh8 16. Nxg5 Qd7 17. O-O-O Ng4 18. Rg1 Nxe3 19. fxe3 Qe7 20. Bh5 O-O-O 21.
Nxf7 Qxf7 22. Bxg6 Qe7 23. Qg2 Kb8 24. Bf5 Bf6 25. Rh1 Qg7 26. Qxg7 Bxg7 27.
Rg1 Bf6 28. Be6 Rh8 29. Rg8+ Rxg8 30. Bxg8 Bg5 31. Kd2 Kc8 32. Kd3 Kd8 33. Be6
Ke7 34. b4 c5 35. dxc6 Bxc6 36. Bd5 Bd7 37. Bb7 a5 38. Nd5+ Ke6 39. b5 Bd8 40.
Bc6 Bc8 41. Be8 Bb7 42. Bc6 Bc8 43. Be8 Bb7 44. Nc3 Bc8 45. Bg6 Kf6 46. Bf5 Bb7
47. Ke2 Kg5 48. Kf3 Kh4 49. Bd7 Kh5 50. Na4 Kh4 51. Bf5 Bc7 52. Nc3 Bd8 53. Ne2
Bg5 54. Bd7 Bh6 55. Ng3 Bf8 56. Nf5+ Kg5 57. Be6 Kf6 58. Bd7 Kg5 59. Ng3 Kh4
60. Ne2 Bh6 61. Nc3 Bg5 62. Na4 Bd8 63. Nb2 Bg5 64. Nd3 Bd8 65. Be6 Bg5 66. c5
bxc5 67. Nb2 a4 68. Nc4 Be7 69. b6 Ba6 70. Na5 Bd8 71. b7 Bxb7 72. Nxb7 Bc7 73.
a3 1-0

[Event "DEM U18 2000"]
[Site "Überlingen GER"]
[Date "2000.06.07"]
[Round "6"]
[White "Regert, Christian"]
[Black "Zimmermann, Julian"]
[Result "1/2-1/2"]
[Termination "normal"]
[Board "9"]
[WhiteElo "2010"]
[BlackElo "2180"]
[PlyCount "58"]
[EventCountry "GER"]
[EventRounds "9"]
[EventType "swiss"]
[EventDate "2000.06.03"]

1. d4 Nf6 2. c4 c5 3. d5 e6 4. Nc3 exd5 5. cxd5 d6 6. e4 g6 7. h3 Bg7 8. Bd3
O-O 9. Nf3 b5 10. Nxb5 Re8 11. O-O Nxe4 12. Re1 a6 13. Na3 Nf6 14. Rxe8+ Nxe8
15. Bg5 Bf6 16. Qd2 Nd7 17. Nc4 a5 18. Re1 Ba6 19. Qf4 Bxc4 20. Bxc4 Bxg5 21.
Nxg5 Qf6 22. Qxf6 Nexf6 23. Ne4 Nxe4 24. Rxe4 Rb8 25. b3 Rb4 26. Re8+ Kg7 27.
Rd8 Nb6 28. Rxd6 Nxc4 29. bxc4 Rxc4 1/2-1/2

[Event "DEM U18 2000"]
[Site "Überlingen GER"]
[Date "2000.06.07"]
[Round "6"]
[White "Schweigert, Werner"]
[Black "Ewald, Alexander"]
[Result "0-1"]
[Termination "normal"]
[Board "10"]
[WhiteElo "1997"]
[BlackElo "2134"]
[PlyCount "56"]
[BlackFideId "4662520"]
[EventCountry "GER"]
[EventRounds "9"]
[EventType "swiss"]
[EventDate "2000.06.03"]

1. e4 c5 2. Nf3 d6 3. d4 cxd4 4. Nxd4 Nf6 5. Nc3 a6 6. Be2 e5 7. Nb3 Be7 8. Be3
Be6 9. O-O O-O 10. f4 Qc7 11. Bf3 Nbd7 12. a4 Rac8 13. a5 Rfd8 14. Qd2 Nc5 15.
Qf2 exf4 16. Bd4 Rd7 17. Nd2 d5 18. e5 Nfe4 19. Qe2 Nxd2 20. Qxd2 Ne4 21. Qd1
Nxc3 22. bxc3 Bc5 23. Rf2 Bxd4 24. cxd4 Qc3 25. Be2 Qxc2 26. Rxf4 Rdc7 27. Qf1
Qd2 28. Bd3 Rc1 0-1

[Event "DEM U18 2000"]
[Site "Überlingen GER"]
[Date "2000.06.07"]
[Round "6"]
[White "Luig, Benjamin"]
[Black "Menzel, Michael"]
[Result "1-0"]
[Termination "normal"]
[Board "11"]
[WhiteElo "1894"]
[BlackElo "1756"]
[PlyCount "73"]
[BlackFideId "4694732"]
[EventCountry "GER"]
[EventRounds "9"]
[EventType "swiss"]
[EventDate "2000.06.03"]

1. d4 Nf6 2. Bg5 Ne4 3. Bf4 d5 4. e3 g6 5. Nf3 Bg7 6. Bd3 Nf6 7. O-O O-O 8. c4
c5 9. Nc3 cxd4 10. Nxd4 Nc6 11. Nxc6 bxc6 12. Rc1 Re8 13. cxd5 Nxd5 14. Nxd5
Qxd5 15. b3 e5 16. Bg3 Be6 17. Qc2 Rac8 18. Rfd1 Qa5 19. Qd2 Qb6 20. Rc2 Red8
21. Qc1 c5 22. h3 Qb4 23. Ba6 Rxd1+ 24. Qxd1 Re8 25. Bc4 Bxc4 26. Rxc4 Qa5 27.
Qc2 Bf8 28. Ra4 Qc7 29. Qc3 Bd6 30. Qa5 Re7 31. Bh4 Rd7 32. Bf6 Kf8 33. Qxc7
Rxc7 34. Ra6 Rd7 35. Rc6 Bc7 36. Rxc5 Bb6 37. Rc8+ 1-0

[Event "DEM U18 2000"]
[Site "Überlingen GER"]
[Date "2000.06.07"]
[Round "6"]
[White "Jauk, Wilhelm"]
[Black "Schinkowski, Christoph"]
[Result "1-0"]
[Termination "normal"]
[Board "12"]
[WhiteElo "1942"]
[BlackElo "1823"]
[PlyCount "47"]
[BlackFideId "4686632"]
[EventCountry "GER"]
[EventRounds "9"]
[EventType "swiss"]
[EventDate "2000.06.03"]

1. d4 d6 2. e4 Nf6 3. Nc3 g6 4. f4 Bg7 5. Bd3 O-O 6. Nf3 c5 7. dxc5 dxc5 8. O-O
Nc6 9. Be3 Nd4 10. h3 b6 11. e5 Nd5 12. Nxd5 Qxd5 13. Bxd4 cxd4 14. Qe2 Bb7 15.
Rae1 Qxa2 16. b3 Bxf3 17. Qxf3 a5 18. Qb7 Rfb8 19. Qxe7 Bf8 20. Qh4 Ra7 21. f5
Qa3 22. e6 fxe6 23. fxg6 Qe7 24. Qg3 1-0

[Event "DEM U18 2000"]
[Site "Überlingen GER"]
[Date "2000.06.08"]
[Round "7"]
[White "Schenk, Andreas"]
[Black "Huber, Philipp"]
[Result "1-0"]
[Termination "normal"]
[Board "1"]
[WhiteElo "2272"]
[BlackElo "2252"]
[PlyCount "73"]
[WhiteFideId "4644891"]
[BlackFideId "4643887"]
[EventCountry "GER"]
[EventRounds "9"]
[EventType "swiss"]
[EventDate "2000.06.03"]

1. d4 d6 2. Nf3 Nf6 3. c4 c6 4. Nc3 Nbd7 5. e4 e5 6. Be2 Be7 7. O-O O-O 8. Be3
a6 9. d5 c5 10. Ne1 Ne8 11. Qd2 Kh8 12. a3 g6 13. Nd3 f5 14. exf5 gxf5 15. f4
e4 16. Nf2 Rg8 17. g4 fxg4 18. Ncxe4 Ndf6 19. Ng5 Rg7 20. Nh1 h6 21. Ne6 Bxe6
22. dxe6 g3 23. hxg3 Ne4 24. Qd3 Nxg3 25. Nxg3 Rxg3+ 26. Kh2 Rg7 27. Rf3 Nf6
28. Rh3 Ng8 29. Bh5 Bf8 30. Bf7 Qf6 31. Bd2 Qxb2 32. Rb1 Qa2 33. Rxb7 d5 34.
cxd5 Bd6 35. Rh4 c4 36. Qc3 Rd8 37. Bxg8 1-0

[Event "DEM U18 2000"]
[Site "Überlingen GER"]
[Date "2000.06.08"]
[Round "7"]
[White "Send, Sebastian"]
[Black "Langheinrich, Ferenc"]
[Result "1/2-1/2"]
[Termination "normal"]
[Board "2"]
[WhiteElo "2175"]
[BlackElo "2325"]
[PlyCount "43"]
[WhiteFideId "4667301"]
[BlackFideId "4641973"]
[EventCountry "GER"]
[EventRounds "9"]
[EventType "swiss"]
[EventDate "2000.06.03"]

1. e4 c6 2. d4 d5 3. e5 Bf5 4. Nc3 Qb6 5. Rb1 e6 6. g4 Bg6 7. Nge2 c5 8. h4
cxd4 9. h5 dxc3 10. hxg6 Bc5 11. Be3 Bxe3 12. fxe3 fxg6 13. bxc3 Qc7 14. Nf4
Ne7 15. Qd4 Nbc6 16. Nxe6 Qc8 17. Nxg7+ Kf8 18. Qf4+ Kxg7 19. Qf6+ Kg8 20. c4
Qc7 21. Qe6+ Kg7 22. Qf6+ 1/2-1/2

[Event "DEM U18 2000"]
[Site "Überlingen GER"]
[Date "2000.06.08"]
[Round "7"]
[White "Seel, Christian"]
[Black "Grafl, Florian"]
[Result "0-1"]
[Termination "normal"]
[Board "3"]
[WhiteElo "2176"]
[BlackElo "2257"]
[PlyCount "78"]
[WhiteFideId "4663098"]
[BlackFideId "4645715"]
[EventCountry "GER"]
[EventRounds "9"]
[EventType "swiss"]
[EventDate "2000.06.03"]

1. Nf3 f5 2. d3 d6 3. e4 e5 4. Nc3 Nf6 5. exf5 Bxf5 6. d4 e4 7. Nh4 Bg4 8. Be2
Bc8 9. Bh5+ g6 10. Nxg6 hxg6 11. Bxg6+ Ke7 12. Nxe4 Rg8 13. Nxf6 Rxg6 14. Nd5+
Kf7 15. Qf3+ Kg7 16. Nf4 Qe8+ 17. Be3 Rg5 18. h4 Rg4 19. h5 Na6 20. h6+ Kh7 21.
Nh5 Be7 22. O-O-O Qg6 23. Nf4 Qf5 24. Nd5 Bd8 25. Qxf5+ Bxf5 26. Rdg1 c6 27. f3
Rg8 28. Nc3 Nb4 29. g4 Nxc2 30. Bd2 Bg6 31. d5 Nb4 32. Rh2 Bb6 33. Rf1 cxd5 34.
f4 Nd3+ 35. Kd1 Nxb2+ 36. Kc1 Nd3+ 37. Kd1 Be4 38. Rh4 Nf2+ 39. Ke2 Bd3+ 0-1

[Event "DEM U18 2000"]
[Site "Überlingen GER"]
[Date "2000.06.08"]
[Round "7"]
[White "Pähtz, Thomas jr."]
[Black "Meyer, Malte"]
[Result "1/2-1/2"]
[Termination "normal"]
[Board "4"]
[WhiteElo "2216"]
[BlackElo "2180"]
[PlyCount "104"]
[WhiteFideId "4636562"]
[BlackFideId "4664493"]
[EventCountry "GER"]
[EventRounds "9"]
[EventType "swiss"]
[EventDate "2000.06.03"]

1. c4 e6 2. e4 d5 3. exd5 exd5 4. d4 c6 5. Nc3 Nf6 6. Nf3 Be7 7. cxd5 cxd5 8.
h3 Nc6 9. Bd3 O-O 10. O-O Be6 11. Bf4 Na5 12. Nb5 Nc4 13. Qe2 Nd6 14. Rac1 Nxb5
15. Bxb5 Bd6 16. Be5 Qe7 17. Bd3 Rfc8 18. a3 Nd7 19. Bxd6 Qxd6 20. Rc2 Qf4 21.
Rfc1 Qxc1+ 22. Rxc1 Rxc1+ 23. Kh2 h6 24. Nd2 Re8 25. Nb1 Rcc8 26. Qf3 Nb8 27.
Bb5 Nc6 28. Bxc6 Rxc6 29. Nc3 Rc4 30. Nxd5 Bxd5 31. Qxd5 Rc7 32. Kg3 Ree7 33.
Kf3 Rcd7 34. Qc4 g6 35. g4 Kg7 36. h4 a6 37. g5 hxg5 38. hxg5 Re6 39. d5 Ree7
40. Qc5 Kh7 41. Kf4 Re8 42. Qd4 Kg8 43. Qb6 Rxd5 44. Qxb7 Rf5+ 45. Kg4 a5 46.
f4 Rd8 47. b4 Rd3 48. bxa5 Rxa3 49. a6 Rfa5 50. Qb8+ Kg7 51. Qb2+ Kf8 52. Qb8+
Kg7 1/2-1/2

[Event "DEM U18 2000"]
[Site "Überlingen GER"]
[Date "2000.06.08"]
[Round "7"]
[White "Neyman, Igor"]
[Black "Philipowski, Robert"]
[Result "0-1"]
[Termination "normal"]
[Board "5"]
[WhiteElo "2192"]
[BlackElo "2272"]
[PlyCount "102"]
[BlackFideId "4663209"]
[EventCountry "GER"]
[EventRounds "9"]
[EventType "swiss"]
[EventDate "2000.06.03"]

1. d4 d5 2. c4 c6 3. Nc3 Nf6 4. cxd5 cxd5 5. Nf3 Nc6 6. Bf4 Bg4 7. e3 Qb6 8.
Bb5 e6 9. Qa4 Bxf3 10. gxf3 Be7 11. O-O Rc8 12. Rab1 O-O 13. Rfc1 a6 14. Bf1
Na5 15. Qd1 Qb4 16. Bd3 Nc4 17. a3 Qa5 18. b4 Qd8 19. Rb3 b5 20. Bb1 Qd7 21. e4
Rfd8 22. e5 Nh5 23. Qd3 g6 24. Be3 f6 25. f4 Ng7 26. Ne2 Ra8 27. Bd2 Rdc8 28.
Ng3 f5 29. Bc2 Nb6 30. Bd1 Rc4 31. Rbc3 Rac8 32. Bb3 Rxc3 33. Rxc3 Nc4 34. Bd1
Nb2 35. Qc2 Rxc3 36. Bxc3 Nxd1 37. Qxd1 Qc6 38. Qc2 Bd8 39. Nf1 Bb6 40. Ne3 Nh5
41. Ng2 Qc4 42. f3 Qc7 43. Kf2 Kf7 44. Qd3 Qc4 45. Qd2 Qb3 46. Qb2 Qd1 47. Bd2
Qh1 48. h4 Bd8 49. Qc1 Qh2 50. Qf1 Bxh4+ 51. Ke3 Bg3 0-1

[Event "DEM U18 2000"]
[Site "Überlingen GER"]
[Date "2000.06.08"]
[Round "7"]
[White "Ewald, Alexander"]
[Black "Motl, Martin"]
[Result "1/2-1/2"]
[Termination "normal"]
[Board "6"]
[WhiteElo "2134"]
[BlackElo "2172"]
[PlyCount "51"]
[WhiteFideId "4662520"]
[BlackFideId "4667522"]
[EventCountry "GER"]
[EventRounds "9"]
[EventType "swiss"]
[EventDate "2000.06.03"]

1. d4 d5 2. c4 e6 3. Nc3 Nf6 4. Bg5 c6 5. Nf3 dxc4 6. e4 b5 7. e5 h6 8. Bh4 g5
9. Nxg5 hxg5 10. Bxg5 Nbd7 11. exf6 Bb7 12. g3 c5 13. d5 Qb6 14. Bg2 O-O-O 15.
O-O b4 16. Rb1 Qa6 17. dxe6 Bxg2 18. e7 Bxf1 19. Qd5 Bxe7 20. fxe7 Bd3 21. Ne4
Bxb1 22. Nd6+ Kc7 23. Bf4 Kb6 24. Nxc4+ Kb5 25. Nd6+ Kb6 26. Nc4+ 1/2-1/2

[Event "DEM U18 2000"]
[Site "Überlingen GER"]
[Date "2000.06.08"]
[Round "7"]
[White "Gehmlich, Marcel"]
[Black "Liebold, Thomas"]
[Result "1/2-1/2"]
[Termination "normal"]
[Board "7"]
[WhiteElo "2065"]
[BlackElo "2157"]
[PlyCount "43"]
[WhiteFideId "4656474"]
[BlackFideId "4652290"]
[EventCountry "GER"]
[EventRounds "9"]
[EventType "swiss"]
[EventDate "2000.06.03"]

1. c4 c5 2. Nc3 g6 3. g3 Bg7 4. Bg2 Nc6 5. e3 e5 6. Nge2 Nge7 7. O-O O-O 8. Nd5
d6 9. Nec3 Be6 10. a3 Qd7 11. Rb1 Bh3 12. b4 Bxg2 13. Kxg2 f5 14. d3 Rf7 15.
Qa4 g5 16. b5 Nd8 17. Nb6 axb6 18. Qxa8 e4 19. Na4 f4 20. exf4 gxf4 21. Bxf4
Rxf4 22. gxf4 1/2-1/2

[Event "DEM U18 2000"]
[Site "Überlingen GER"]
[Date "2000.06.08"]
[Round "7"]
[White "Jauk, Wilhelm"]
[Black "Oberhofer, André"]
[Result "1/2-1/2"]
[Termination "normal"]
[Board "8"]
[WhiteElo "1942"]
[BlackElo "1991"]
[PlyCount "55"]
[BlackFideId "24654140"]
[EventCountry "GER"]
[EventRounds "9"]
[EventType "swiss"]
[EventDate "2000.06.03"]

1. d4 Nf6 2. Nf3 g6 3. e3 Bg7 4. Bd3 O-O 5. O-O d6 6. c4 Nc6 7. Nc3 e5 8. d5
Ne7 9. e4 Nh5 10. Rb1 a5 11. a3 f5 12. b4 axb4 13. axb4 Nf6 14. Qb3 f4 15. c5
h6 16. Nxe5 Nxe4 17. Bxe4 Bxe5 18. Ne2 Nf5 19. Bxf4 Qf6 20. Bxe5 Qxe5 21. f3
Bd7 22. Qc3 Qxc3 23. Nxc3 Ra3 24. Rfc1 Nd4 25. Kf1 Nb3 26. Rc2 Nd4 27. Rcc1 Nb3
28. Rc2 1/2-1/2

[Event "DEM U18 2000"]
[Site "Überlingen GER"]
[Date "2000.06.08"]
[Round "7"]
[White "Schütze, Tonio"]
[Black "Regert, Christian"]
[Result "0-1"]
[Termination "normal"]
[Board "9"]
[WhiteElo "1982"]
[BlackElo "2010"]
[PlyCount "82"]
[EventCountry "GER"]
[EventRounds "9"]
[EventType "swiss"]
[EventDate "2000.06.03"]

1. e4 c5 2. Nf3 Nc6 3. c3 d5 4. exd5 Qxd5 5. d4 Bg4 6. Be2 cxd4 7. cxd4 e6 8.
Nc3 Qa5 9. O-O Nf6 10. h3 Bh5 11. a3 Nd5 12. Ne4 Bg6 13. Ng3 Bd6 14. Bg5 Qc7
15. Rc1 h6 16. Bh4 O-O 17. b4 a6 18. Re1 Rac8 19. Bc4 Bf4 20. Qb3 Bxc1 21. Rxc1
Nf4 22. Ne2 Nxe2+ 23. Bxe2 Be4 24. Qe3 Bxf3 25. Bxf3 Qd6 26. Rd1 f5 27. d5 Ne5
28. dxe6 Nxf3+ 29. Qxf3 Qxe6 30. Qxb7 g5 31. Bg3 f4 32. Bh2 Rce8 33. Kh1 Rf7
34. Qf3 Kg7 35. Qc3+ Qe5 36. Qc4 Re6 37. f3 Rc7 38. Qd3 Qe2 39. Qd4+ Kg6 40.
Rd2 Rc1+ 41. Bg1 Rxg1+ 0-1

[Event "DEM U18 2000"]
[Site "Überlingen GER"]
[Date "2000.06.08"]
[Round "7"]
[White "Zimmermann, Julian"]
[Black "Luig, Benjamin"]
[Result "1-0"]
[Termination "normal"]
[Board "10"]
[WhiteElo "2180"]
[BlackElo "1894"]
[PlyCount "43"]
[EventCountry "GER"]
[EventRounds "9"]
[EventType "swiss"]
[EventDate "2000.06.03"]

1. e4 e5 2. Nf3 Nc6 3. Bc4 Bc5 4. b4 Bxb4 5. c3 Be7 6. d4 Na5 7. Be2 exd4 8.
Qxd4 Nf6 9. e5 Nc6 10. Qh4 Nd5 11. Qg3 Rg8 12. O-O Nb6 13. Rd1 f6 14. Bd3 g6
15. Qh3 Rg7 16. Qh6 Rf7 17. exf6 Bxf6 18. Re1+ Ne7 19. Bg5 Nbd5 20. Bc4 Bxg5
21. Nxg5 Rf5 22. Qxh7 1-0

[Event "DEM U18 2000"]
[Site "Überlingen GER"]
[Date "2000.06.08"]
[Round "7"]
[White "Menzel, Michael"]
[Black "Schweigert, Werner"]
[Result "0-1"]
[Termination "normal"]
[Board "11"]
[WhiteElo "1756"]
[BlackElo "1997"]
[PlyCount "56"]
[WhiteFideId "4694732"]
[EventCountry "GER"]
[EventRounds "9"]
[EventType "swiss"]
[EventDate "2000.06.03"]

1. e4 e6 2. d4 d5 3. exd5 exd5 4. Nf3 Bg4 5. c4 Nf6 6. Nc3 Nc6 7. Be2 Bb4 8.
O-O O-O 9. Bg5 dxc4 10. d5 Bxc3 11. dxc6 Bxb2 12. Rb1 c3 13. Qc2 bxc6 14. Bc1
Bxc1 15. Rbxc1 Nd5 16. Nd4 c5 17. Nb5 Bxe2 18. Qxe2 Nf4 19. Qf3 Ne6 20. Nxc3
Rb8 21. Ne4 Qd4 22. Rfd1 Qb4 23. Rc3 Rfd8 24. Rdc1 Nd4 25. Qg4 f5 26. Nf6+ Kf7
27. Qh5+ Kxf6 28. Rxc5 Qxc5 0-1

[Event "DEM U18 2000"]
[Site "Überlingen GER"]
[Date "2000.06.08"]
[Round "7"]
[White "Schinkowski, Christoph"]
[Black "Bravo Lutz, Sebastian"]
[Result "0-1"]
[Termination "normal"]
[Board "12"]
[WhiteElo "1823"]
[BlackElo "2038"]
[PlyCount "110"]
[WhiteFideId "4686632"]
[EventCountry "GER"]
[EventRounds "9"]
[EventType "swiss"]
[EventDate "2000.06.03"]

1. e4 c5 2. d3 Nc6 3. Nf3 d6 4. g3 g6 5. Bg2 Bg7 6. O-O e5 7. c3 Nge7 8. h3 O-O
9. Be3 f5 10. Qb3+ Kh8 11. Ng5 f4 12. Na3 fxe3 13. fxe3 Nf5 14. h4 h6 15. Nf7+
Rxf7 16. Qxf7 Nxe3 17. Rf2 Nxg2 18. Kxg2 Ne7 19. Raf1 Bd7 20. Nc4 d5 21. exd5
Be8 22. Qe6 Qxd5+ 23. Qxd5 Nxd5 24. Re1 Bc6 25. Kg1 Re8 26. Rfe2 b6 27. Nxe5
Bxe5 28. Rxe5 Rxe5 29. Rxe5 Kg7 30. Re6 Bd7 31. Re2 h5 32. Kf2 Kf7 33. Rd2 Bf5
34. a3 Kf6 35. c4 Ne7 36. d4 cxd4 37. Rxd4 Ke5 38. Rd8 Nc6 39. Rd5+ Ke6 40. Ke3
Na5 41. Kd4 Ke7 42. b4 Nc6+ 43. Ke3 Be6 44. Rg5 Kf6 45. c5 b5 46. Ke4 a6 47.
Rd5 Bxd5+ 48. Kxd5 Ne7+ 49. Kd6 Nf5+ 50. Kd7 Nxg3 51. c6 Nf5 52. c7 Ne7 53. Kd8
Nc6+ 54. Kc8 g5 55. Kb7 Ne7 0-1

[Event "DEM U18 2000"]
[Site "Überlingen GER"]
[Date "2000.06.09"]
[Round "8"]
[White "Philipowski, Robert"]
[Black "Schenk, Andreas"]
[Result "1/2-1/2"]
[Termination "normal"]
[Board "1"]
[WhiteElo "2272"]
[BlackElo "2272"]
[PlyCount "43"]
[WhiteFideId "4663209"]
[BlackFideId "4644891"]
[EventCountry "GER"]
[EventRounds "9"]
[EventType "swiss"]
[EventDate "2000.06.03"]

1. e4 c5 2. c3 d5 3. exd5 Qxd5 4. d4 Nf6 5. Na3 e6 6. Be3 cxd4 7. Nb5 Qd8 8.
Qxd4 Nc6 9. Qxd8+ Kxd8 10. Nf3 Be7 11. Bg5 Bd7 12. Bxf6 gxf6 13. O-O-O h6 14.
Be2 a6 15. Rd2 Kc8 16. Rhd1 Be8 17. Nd6+ Bxd6 18. Rxd6 Kc7 19. R6d2 Rg8 20. g3
Rd8 21. Rxd8 Nxd8 22. Nd4 1/2-1/2